Národopisný zborník

Bibliographic Details
Previous Title:Národopisný sborník Slovenskej akadémie vied a umení
Other Authors: Sedláková, Viera, 1949- (Compiler), Podolák, Ján, 1926-2017 (Compiler)
Format: Serial
Language:Slovak
Czech
PhysicalDescription:zv. fotogr., ilustr. 21 cm
Published: Martin Matica slovenská 1998-
ISBN:8070904690 (brož. : 12/1998)
8070905441 (brož. : 13/2000)
8070907266 (brož. : 14/2003)
9788070909386 (brož. : 15/2009)
Subjects:

MARC

LEADER 00000cas a2200000 a 4500
001 vtls001478560
003 SK-MaSNL
005 20260228163550.0
008 040715c19989999xo x h 0 0b0slo
015 |a SNB2010/02-00910 (14/2003)  |a SNB2010/02-00911 (15/2009) 
015 |a SNBA1999/06-02201 (12/1998)  |a SNBA2001/03-00952 (13/2000) 
020 |a 8070904690 (brož. : 12/1998) 
020 |a 8070905441 (brož. : 13/2000) 
020 |a 8070907266 (brož. : 14/2003) 
020 |a 9788070909386 (brož. : 15/2009) 
035 |a SNK000433860 
040 |a SNK  |b slo  |c SNK  |d SAVUK  |e AACR2 
041 |a slo  |a cze  |b ger  |b eng 
043 |a e-xo--- 
044 |a xo  |c SK 
072 7 |a 39  |x Etnológia. Etnografia. Folklór  |2 konspekt 
080 |a 39  |2 2011 
080 |a (082)  |2 2011 
245 0 0 |a Národopisný zborník 
246 3 1 |a Sammelband zur Volkskunde 
246 3 1 |a Ethnological volume 
260 |a Martin  |b Matica slovenská  |c 1998- 
300 |a zv.  |b fotogr., ilustr.  |c 21 cm 
310 |a Nepravidelne 
362 0 |a 12 (1998)- 
500 |a V spolupráci s Národopisným odborom Matice slovenskej vydalo Vydavateľstvo Matice slovenskej 
500 |a Zostavovateľ a vedecký redaktor: 12 (1998)-13 (2000), Ján Podolák ; zostavovateľka: 14 (2003)-15 (2009), Viera Sedláková 
504 |a Bibliografické odkazy ; poznámky 
546 |a Čiastočný text český ; resumé nemecké a anglické 
650 0 7 |a etnografia  |2 SNKPH  |9 950 
650 0 7 |a Ethnography  |2 SNKPHeng  |9 265262 
655 7 |a zborníky  |2 SNKPH  |9 70165 
655 7 |a Papers of several authors  |2 SNKPHeng  |9 153738 
700 1 |a Sedláková, Viera,  |d 1949-  |4 com  |9 105898 
700 1 |a Podolák, Ján,  |d 1926-2017  |4 com  |9 211645 
780 0 0 |t Národopisný sborník Slovenskej akadémie vied a umení  |w vtls010031852 
910 |a savuk 
910 |a snk 
910 |a kuruk 
916 |a 1998, 2000, 2003, 2009 
919 |a 80-7090-469-0 
919 |a 80-7090-544-1 
919 |a 80-7090-726-6 
919 |a 978-80-7090-938-6 
958 |a NB 
999 |c 9871  |d 11801 
952 |0 0  |1 0  |4 0  |7 0  |8 0  |a SNK  |b SNK  |d 2010-03-31  |f 1  |i snk2010/6605  |l 0  |o snkČSC 355/15/2009  |p 17A0635626  |r 2026-02-21 19:32:06  |w 2026-02-21  |y PREZ 
952 |0 0  |1 0  |4 0  |7 0  |8 0  |a SNK  |b SNK  |d 2010-03-31  |i snk2010/6606  |l 0  |o snkČSC 355/15/2009 D1  |p 17A0635627  |r 2026-02-21 19:32:06  |w 2026-02-21  |y PREZ 
952 |0 0  |1 0  |4 0  |7 0  |a SNK  |b SNK  |d 2001-01-05  |f 1  |i snkKSP 229/2001  |l 0  |o snkČSC 355/13/2000  |p 17A0264479  |r 2005-01-02 00:00:00  |w 2026-02-21  |y PREZ 
952 |0 0  |1 0  |4 0  |7 0  |a SNK  |b SNK  |d 2001-01-05  |i snkKSP 230/2001  |l 0  |o snkČSC 355/13/2000 D1  |p 17A0264480  |r 2005-01-02 00:00:00  |w 2026-02-21  |y PREZ 
952 |0 0  |1 0  |4 0  |7 0  |a SNK  |b SNK  |d 2004-07-15  |f 1  |i snkPV 1060/2004  |l 0  |o snkČSC 355/14/2003  |p 17A0431400  |r 2005-01-02 00:00:00  |w 2026-02-21  |y PREZ 
952 |0 0  |1 0  |4 0  |7 0  |a SNK  |b SNK  |d 2004-07-15  |i snkPV 1061/2004  |l 0  |o snkČSC 355/14/2003 D1  |p 17A0431401  |r 2005-01-02 00:00:00  |w 2026-02-21  |y PREZ 
952 |0 0  |1 0  |4 0  |7 0  |a SNK  |b SNK  |d 1999-03-16  |f 1  |i snkKSP 2740/99  |l 0  |o snkČSC 355/12/1998  |p 17A0185727  |r 2005-01-02 00:00:00  |w 2026-02-21  |y PREZ 
952 |0 0  |1 0  |4 0  |7 0  |a SNK  |b SNK  |d 1999-03-16  |i snkKSP 2741/99  |l 0  |o snkČSC 355/12/1998 D1  |p 17A0183561  |r 2005-01-02 00:00:00  |w 2026-02-21  |y PREZ